000 00496nam a2200193Ia 4500
003 OSt
005 20250808145606.0
008 250729s2006 xx 000 0 und d
020 _a 9788184110364
040 _cAL
041 _aeng
082 _a371.2 NARS
100 _aHarshitha Digumurthi
_9221129
245 _aTechniues of teaching computer science
260 _aNew Delhi
_bOrbis Books Sonali Publication
_c2006
300 _a316p
650 _aEducation
_9221130
942 _2ddc
_cBED
999 _c234866
_d234866